Buffon, 1707-1788, precursor de la antropología física (Record no. 10426)

MARC details
000 -CABECERA
campo de control de longitud fija 00774nam a2200241 a 4500
001 - NÚMERO DE CONTROL
campo de control BRL_1617
005 - FECHA Y HORA DE LA ÚLTIMA TRANSACCIÓN
campo de control 20190320211306.0
008 - DATOS DE LONGITUD FIJA--INFORMACIÓN GENERAL
campo de control de longitud fija 140414s1958----mx-#######---#000-0#spa-#
041 ## - CÓDIGO DE LENGUA
Código de lengua del texto/banda sonora o título independiente spa
044 ## - CÓDIGO DEL PAÍS DE LA ENTIDAD EDITORA/PRODUCTORA
Código MARC del país mx
050 #4 - SIGNATURA TOPOGRÁFICA DE LA BIBLIOTECA DEL CONGRESO
Número de clasificación QH31.B88
Número de documento/Ítem .C66 1958
100 1# - ENTRADA PRINCIPAL--NOMBRE DE PERSONA
Nombre de persona Comas, Juan
9 (RLIN) 27452
245 10 - MENCIÓN DE TÍTULO
Título Buffon, 1707-1788, precursor de la antropología física
Mención de responsabilidad, etc. por Juan Comas.
260 ## - PUBLICACIÓN, DISTRIBUCIÓN, ETC.
Lugar de publicación, distribución, etc. México
Nombre del editor, distribuidor, etc. UNAM
Fecha de publicación, distribución, etc. 1958
300 ## - DESCRIPCIÓN FÍSICA
Extensión 31 p.
Dimensiones 23 cm.
440 #0 - MENCIÓN DE SERIE/PUNTO DE ACCESO ADICIONAL--TÍTULO
Título Publicaciones del Instituto de Historia. Primera serie
Designación de volumen o secuencia 43
9 (RLIN) 27453
440 #0 - MENCIÓN DE SERIE/PUNTO DE ACCESO ADICIONAL--TÍTULO
Título Cuadernos del Instituto de Historia. Serie antropológica
Designación de volumen o secuencia 4
9 (RLIN) 27454
500 ## - NOTA GENERAL
Nota general Au380
600 14 - PUNTO DE ACCESO ADICIONAL DE MATERIA--NOMBRE DE PERSONA
Nombre de persona Buffon, Georges Louis Leclerc
Títulos y otros términos asociados al nombre Conde de
Fechas asociadas al nombre 1707-1788
9 (RLIN) 27455
650 14 - PUNTO DE ACCESO ADICIONAL DE MATERIA--TÉRMINO DE MATERIA
Término de materia o nombre geográfico como elemento de entrada Antropología física
9 (RLIN) 27456
902 ## - CATALOGADOR
Iniciales GRL
942 ## - ELEMENTOS DE PUNTO DE ACCESO ADICIONAL (KOHA)
Fuente del sistema de clasificación o colocación Library of Congress Classification
Tipo de ítem Koha Libros
Holdings
Estado de retiro Estado de pérdida Estado dañado No para préstamo Localización permanente Ubicación/localización actual Fecha de adquisición Número de inventario Total de préstamos Signatura topográfica completa Código de barras Fecha visto por última vez Precio válido a partir de Tipo de ítem Koha
El ejemplar forma parte de la colección y puede ser consultado según las políticas vigentes.       Biblioteca Centro de Estudios Ruth D. Lechuga Biblioteca Centro de Estudios Ruth D. Lechuga 14/04/2014 Au380   QH31.B88 .C66 1958 (Au380) GRL01778 22/03/2019 22/03/2019 Libros